000 00295nam a22001337a 4500
008 170623b xxu||||| |||| 00| 0 eng d
020 _a9780314288875
041 _aeng
080 _213TH
_a343.9
100 _a14
101 _aSHJ
245 _aCRIMINAL PROCEDURE
_cKAMISAR,Y
942 _2udc
_cBK
999 _c18919
_d18919